00763cam a22002417a 4500003000500000005001700005008004100022010001000063011001000073035001000083040000900093082001400102100002000116245013800136260005400274300002900328410003400357490002000391500003200411650002400443810003400467830002000501CHAP20220329141918.0980527d1911 mx a r 00010 spa d a75615 a76587 a86172 cCHAP04a633.2bC300aCalvino, Mario.10aPlantas forrajeras y alimenticias :bensayadas en la división de horticultura de la estacion agrícola centralc/por Mario Calvino aMéxico, D.F. :bSecretaría de Fomento,c1911. a26 p. :bilus. ; láms. aEstación Agrícola Central 0aBoletínv; 53 aEnc. con impresos similares14aPlantas forrajeras.00aEstación Agrícola Central0 aBoletínv; 53